| 000 | 00533nam a2200097Ia 4500 | ||
|---|---|---|---|
| 008 | 170517s9999 xx 000 0 und d | ||
| 245 | 4 | _aThe Twins Who Share a Body | |
| 300 | _aAlthough they are two completely separate people, these accomplished teens share a body and have just two arms and legs between them. Born in 1990, the girls have been brought up in a small, tightly knit community in Minnesota, almost completely protected from prying... | ||
| 650 | _xTechnology. | ||
| 856 | _uhttp://topdocumentaryfilms.com/twins-share-body/ | ||
| 999 |
_c335125 _d335125 |
||